Diccionario de la santa biblia / W.W. Rand (Registro nro. 10258)

Detalles MARC
000 -LEADER
fixed length control field 00486nam a22001931a 4500
001 - CONTROL NUMBER
control field 10258
003 - CONTROL NUMBER IDENTIFIER
control field OSt
005 - DATE AND TIME OF LATEST TRANSACTION
control field 20260204212153.0
008 - FIXED-LENGTH DATA ELEMENTS--GENERAL INFORMATION
fixed length control field 080916s2006||||sp ||||||b||||||||||spa||
020 ## - NUMERO DE LIBRO INTERNACIONAL NORMALIZADO
International Standard Book Number 0899227260
050 ## - LIBRARY OF CONGRESS CALL NUMBER
Classification number R 220.03 R152d
100 ## - ASIENTO PRINCIPAL -- NOMBRE PERSONAL
Personal name Rand, W. W.
245 ## - TÍTULO PROPIAMENTE DICHO: SUBTÍTULO
Title Diccionario de la santa biblia / W.W. Rand
264 ## - PRODUCTION, PUBLICATION, DISTRIBUTION, MANUFACTURE, AND COPYRIGHT NOTICE
Place of production, publication, distribution, manufacture Estados Unidos : Grupo Nelson
300 ## - PHYSICAL DESCRIPTION
Extensión 756 P.
500 ## - GENERAL NOTE
General note Incluye apéndice
650 ## - ASIENTO SECUNDARIO DE MATERIA -- TERMINO TEMÁTICO
Termino Temático Como Elemento de Entrada Santa Blia - DiccionarioÌ
942 ## - ADDED ENTRY ELEMENTS (KOHA)
Source of classification or shelving scheme Dewey Decimal Classification
Koha item type Libros
Existencias
Withdrawn status Lost status Source of classification or shelving scheme Damaged status Not for loan Current library Date acquired Total Checkouts Full call number Barcode Date last seen Price effective from Koha item type
    Dewey Decimal Classification     Biblioteca UTECO 09/09/2019   R 220.03 R152D 014227 09/09/2019 09/09/2019 Libros
© 2021 Derechos Reservados UTECO - Teléfono: +1 809-585-2291 - Correo electrónico: biblioteca@uteco.edu.do​  
Código postal 43000 ​​
Dirección: Avenida Universitaria No. 100, 
Cotuí, Provincia Sánchez Ramírez, República Dominicana - RNC: 404-00059-6